Switched capacitor circuits (Record no. 80876)

MARC details
000 -LEADER
fixed length control field 01074nam a2200217 a 4500
008 - FIXED-LENGTH DATA ELEMENTS--GENERAL INFORMATION
fixed length control field 120416s1984 ||||||||||||||||| || u
020 ## - INTERNATIONAL STANDARD BOOK NUMBER
International Standard Book Number 0442208731
050 ## - LIBRARY OF CONGRESS CALL NUMBER
Classification number TK 7868.S9 All
100 ## - MAIN ENTRY--PERSONAL NAME
Personal name Allen, Phillip E
245 10 - TITLE STATEMENT
Title Switched capacitor circuits
260 ## - PUBLICATION, DISTRIBUTION, ETC.
Place of publication, distribution, etc. New York:
Name of publisher, distributor, etc. Van Nostrand Reinhold
Date of publication, distribution, etc. 1984
300 ## - PHYSICAL DESCRIPTION
Extent xv,759p.: ill.
350 ## -
-- 0.00
490 ## -
-- Van Nostrand Reinhold electrical/computer science and engineering series
500 ## - GENERAL NOTE
General note Includes index. -Bibliography: p. 748-749.
650 ## - SUBJECT ADDED ENTRY--TOPICAL TERM
Topical term or geographic name entry element SWITCHED CAPACITOR CIRCUITS
700 ## - ADDED ENTRY--PERSONAL NAME
Personal name Sâanchez-Sinencio, Edgar
995 ## -
-- ANNEX COLLECTION (Main Library)
-- 0.00
-- 721706
-- CBU-MAIN LIBRARY (Kitwe)
-- 3
-- 56.60
-- TK 7868.S9 All
-- AVAILABLE
-- 016632
-- Annex Low-Usage Collection
995 ## -
-- ANNEX COLLECTION (Main Library)
-- 0.00
-- 719259
-- CBU-MAIN LIBRARY (Kitwe)
-- 2
-- 56.60
-- TK 7868.S9 All
-- 3
-- AVAILABLE
-- 016631
-- Annex Low-Usage Collection
995 ## -
-- ANNEX COLLECTION (Main Library)
-- 0.00
-- 712619
-- CBU-MAIN LIBRARY (Kitwe)
-- 1
-- 56.60
-- TK 7868.S9 All
-- AVAILABLE
-- 016633
-- Annex Low-Usage Collection
999 ## -
-- 80876
-- 80876
Holdings
Withdrawn status Lost status Source of classification or shelving scheme Damaged status Not for loan Permanent Location Current Location Shelving location Date acquired Total Checkouts Full call number Barcode Date last seen Copy number Price effective from Koha item type
          CBU-MAIN LIBRARY, KITWE. CBU-MAIN LIBRARY, KITWE.   07/11/2023   TK 7868.S9 All 016632 07/11/2023 1 07/11/2023 MONOGRAPH
          CBU-MAIN LIBRARY, KITWE. CBU-MAIN LIBRARY, KITWE.   07/11/2023   TK 7868.S9 All 016631 07/11/2023 2 07/11/2023 MONOGRAPH
          CBU-MAIN LIBRARY, KITWE. CBU-MAIN LIBRARY, KITWE.   07/11/2023   TK 7868.S9 All 016633 07/11/2023 3 07/11/2023 MONOGRAPH